[Event "4. Bayer Open"]
[Site "Leverkusen"]
[Date "2007.01.22"]
[Round "2"]
[White "Bosbach, Jens"]
[Black "Peschel, Andreas"]
[Result "0-1"]
[WhiteElo "1867"]
[BlackElo "2114"]
[PlyCount "120"]
[EventDate "2007.??.??"]
[EventType "swiss"]
[EventRounds "7"]
[EventCountry "GER"]
[Source "Manfred Birnkot"]
[SourceDate "2007.03.26"]

1. d4 Nf6 2. Nf3 e6 3. e3 b6 4. Nbd2 Bb7 5. Bd3 c5 6. c3 d5 7. Qe2 Be7 8. O-O
Ne4 9. Ne5 O-O 10. f3 Nf6 11. f4 Nbd7 12. Ndf3 Ne4 13. Bd2 f6 14. Nxd7 Qxd7 15.
Be1 Bd6 16. Bf2 Qc7 17. Rac1 Rae8 18. Nd2 Nxd2 19. Qxd2 e5 20. fxe5 fxe5 21.
Bg3 Qe7 22. Rxf8+ Rxf8 23. Rf1 {Weiss bietet Remis an.} Rxf1+ 24. Bxf1 Qf6 25.
Qf2 Bc8 26. Qxf6 gxf6 27. Kf2 Bf5 28. Be2 Kf7 29. Bf3 Ke6 30. h3 Bf8 31. Ke2
Bh6 32. Be1 Bg6 33. g4 Bb1 34. a3 Kd6 35. Bg3 Ke6 36. Be1 e4 37. Bg2 f5 38.
gxf5+ Kxf5 39. Bg3 c4 40. Kf2 Bd3 41. Bb8 a6 42. Bc7 b5 43. Bd8 Bf8 44. Bc7 Be7
45. Bg3 a5 46. Bf1 b4 47. axb4 axb4 48. Be2 b3 49. Bg4+ Kg6 50. Ke1 Ba3 51. Kd2
Bxb2 52. Bd6 Ba1 53. Ba3 b2 54. Bxb2 Bxb2 55. Be6 Kg5 56. Bxd5 Kh4 57. Be6 Kg3
58. d5 Ba3 59. Bg4 Kf2 60. Be6 Bc5 0-1

[Event "4. Bayer Open"]
[Site "Leverkusen"]
[Date "2007.01.22"]
[Round "2"]
[White "Seelig, Jochen"]
[Black "Böhm, Stefan"]
[Result "0-1"]
[WhiteElo "1333"]
[BlackElo "1964"]
[PlyCount "42"]
[EventDate "2007.??.??"]
[EventType "swiss"]
[EventRounds "7"]
[EventCountry "GER"]
[Source "Manfred Birnkot"]
[SourceDate "2007.03.26"]

1. c4 b6 2. Nc3 e6 3. e4 Bb7 4. Be2 Bb4 5. Bf3 e5 6. Nd5 Bc5 7. d3 Nc6 8. Bd2
Nd4 9. Bc3 c6 10. Ne3 a5 11. b3 Ne7 12. g4 Ng6 13. Nf5 O-O 14. Nxd4 exd4 15.
Bd2 d5 16. cxd5 cxd5 17. g5 Re8 18. Qe2 Ne5 19. Bf4 Nxf3+ 20. Nxf3 dxe4 21. Ne5
exd3 0-1

[Event "4. Bayer Open"]
[Site "Leverkusen"]
[Date "2007.01.22"]
[Round "2"]
[White "Rosskothen, Arnd"]
[Black "Karwatzki, Hans-Jürgen"]
[Result "0-1"]
[WhiteElo "1991"]
[BlackElo "1539"]
[PlyCount "44"]
[EventDate "2007.??.??"]
[EventType "swiss"]
[EventRounds "7"]
[EventCountry "GER"]
[Source "Manfred Birnkot"]
[SourceDate "2007.03.26"]

1. e4 e5 2. Nf3 Nc6 3. Bb5 Nf6 4. d3 Bc5 5. c3 O-O 6. O-O d6 7. h3 Ne7 8. d4
exd4 9. cxd4 Bb6 10. Nc3 a6 11. Bd3 Ng6 12. e5 dxe5 13. dxe5 Nh5 14. Ng5 Ng3
15. Re1 Nf5 16. Nxh7 Qh4 17. Nxf8 Bxf2+ 18. Kh1 Ng3+ 19. Kh2 Nf4 20. Bxf4 Qxf4
21. Bh7+ Kh8 22. Qd8 Nf1+ 0-1

[Event "4. Bayer Open"]
[Site "Leverkusen"]
[Date "2007.01.22"]
[Round "2"]
[White "Vasiljev, Jurij"]
[Black "Schüppen, Heinrich"]
[Result "1-0"]
[WhiteElo "2058"]
[BlackElo "1674"]
[PlyCount "61"]
[EventDate "2007.??.??"]
[EventType "swiss"]
[EventRounds "7"]
[EventCountry "GER"]
[Source "Manfred Birnkot"]
[SourceDate "2007.03.26"]

1. d4 d5 2. c4 e6 3. Nc3 c6 4. Nf3 Bd6 5. e4 dxe4 6. Nxe4 Be7 7. Bd3 Nf6 8. O-O
Nbd7 9. Nc3 h6 10. Bf4 Nh5 11. Be3 Nhf6 12. Qe2 b6 13. Rad1 Qc7 14. Rfe1 Bb4
15. Bd2 Bxc3 16. Bxc3 Bb7 17. Ne5 Nxe5 18. dxe5 Nd7 19. Bc2 O-O-O 20. Rd6 a6
21. Red1 b5 22. Qd2 Nb6 23. Ba5 bxc4 24. Qb4 Nd5 25. R1xd5 Rxd6 26. Rxd6 c5 27.
Qd2 Qe7 28. Ba4 Qg5 29. f4 Qg4 30. Rd8+ Rxd8 31. Qxd8# 1-0

[Event "4. Bayer Open"]
[Site "Leverkusen"]
[Date "2007.01.22"]
[Round "2"]
[White "Hoeper, Heinz-Joachim"]
[Black "Schimpf, Rolf"]
[Result "1/2-1/2"]
[WhiteElo "1526"]
[BlackElo "1822"]
[PlyCount "157"]
[EventDate "2007.??.??"]
[EventType "swiss"]
[EventRounds "7"]
[EventCountry "GER"]
[Source "Manfred Birnkot"]
[SourceDate "2007.03.26"]

1. d4 f5 2. e4 fxe4 3. Nc3 Nf6 4. Bg5 c6 5. Bxf6 exf6 6. Nxe4 d5 7. Ng3 Bd6 8.
Bd3 Be6 9. Qe2 Qe7 10. Qh5+ Kd8 11. O-O-O Bf7 12. Qg4 g6 13. Nh3 Nd7 14. Rhe1
Qf8 15. Kb1 Kc7 16. Rd2 Qh6 17. Qd1 Rae8 18. Rde2 f5 19. Rxe8 Rxe8 20. Rxe8
Bxe8 21. c3 Nf6 22. Qc1 Qg7 23. Ng5 Bd7 24. f3 Qe7 25. Qd2 f4 26. Nh1 h6 27.
Nh3 Bxh3 28. gxh3 g5 29. Qe2 Qf7 30. Nf2 h5 31. Bf5 b6 $2 32. Qa6 Nd7 33. Qxa7+
Kd8 34. Bxd7 Qxd7 35. Qxb6+ Bc7 36. Qb3 Qe6 37. Qd1 Qe3 38. Nd3 Bd6 39. Kc2 Qe6
40. Qf1 Qf5 41. Kb3 Qc8 42. Qg1 Be7 43. h4 Qf5 44. Ne5 Kc7 45. hxg5 Bxg5 46.
Nf7 Bf6 47. a4 Qd3 48. Ne5 Bxe5 49. dxe5 Qc4+ 50. Ka3 c5 51. Qg7+ Kb6 52. Qf6+
Ka5 53. Qd8+ Ka6 54. Qd6+ Ka5 55. Qc7+ Ka6 56. e6 d4 57. e7 dxc3 58. Qc8+ Ka7
59. Qc7+ Ka6 60. Qc6+ Ka7 {
Weiss war - in gewonnener Stellung - hochgradig in Zeitnot.} 61. Qb5 $2 Qxb5
62. axb5 c2 63. e8=Q c1=Q 64. Qd7+ Kb8 65. Qd8+ Kb7 66. Qd7+ Kb8 67. b6 Qa1+
68. Kb3 c4+ 69. Kxc4 Qf1+ 70. Kc5 Qf2+ 71. Kd6 Qxb6+ 72. Ke7 Qe3+ 73. Kf6 Qxf3
74. Qb5+ Kc7 75. Qe5+ Kb6 76. Qd4+ Kb5 77. Ke5 Qe2+ 78. Kxf4 Qxh2+ 79. Kg5
1/2-1/2

[Event "4. Bayer Open"]
[Site "Leverkusen"]
[Date "2007.01.22"]
[Round "2"]
[White "Stolzenberg, Peter"]
[Black "Gutt, Oswald"]
[Result "1/2-1/2"]
[WhiteElo "1495"]
[BlackElo "1919"]
[PlyCount "46"]
[EventDate "2007.??.??"]
[EventType "swiss"]
[EventRounds "7"]
[EventCountry "GER"]
[Source "Manfred Birnkot"]
[SourceDate "2007.03.26"]

1. d4 Nf6 2. Bf4 g6 3. Nf3 Bg7 4. c3 O-O 5. e3 d5 6. Nbd2 b6 7. Ne5 Bb7 8. Ndf3
Nbd7 9. Bb5 Nxe5 10. Nxe5 Qc8 11. Qa4 Qe6 12. Nd7 c6 13. Nxf8 Kxf8 14. Be2 Ne4
15. O-O g5 16. Bg3 Nd2 17. Rfe1 a5 18. Qc2 Ne4 19. Bd3 Rc8 20. f3 Nxg3 21. hxg3
Qd6 22. g4 c5 23. Bxh7 cxd4 1/2-1/2

[Event "4. Bayer Open"]
[Site "Leverkusen"]
[Date "2007.01.22"]
[Round "2"]
[White "Wegener, Marcus"]
[Black "van Hove, Ode"]
[Result "1-0"]
[WhiteElo "1807"]
[BlackElo "1524"]
[PlyCount "37"]
[EventDate "2007.??.??"]
[EventType "swiss"]
[EventRounds "7"]
[EventCountry "GER"]
[Source "Manfred Birnkot"]
[SourceDate "2007.03.26"]

1. e4 e5 2. Nf3 d5 3. exd5 e4 4. Qe2 Nf6 5. d3 Be7 6. dxe4 O-O 7. Be3 Re8 8.
Nbd2 Bd6 9. O-O-O Nxe4 10. Nxe4 Rxe4 11. Ng5 Rg4 12. h4 Bd7 13. Ne6 Bxe6 14.
dxe6 Rg6 15. exf7+ Kf8 16. Bg5 Qd7 17. Qh5 b5 18. Bxb5 Nc6 19. Qxh7 1-0

[Event "4. Bayer Open"]
[Site "Leverkusen"]
[Date "2007.01.22"]
[Round "2"]
[White "Lommen, Frank"]
[Black "Bauer, Matthias"]
[Result "1-0"]
[WhiteElo "2033"]
[BlackElo "1490"]
[PlyCount "43"]
[EventDate "2007.??.??"]
[EventType "swiss"]
[EventRounds "7"]
[EventCountry "GER"]
[Source "Manfred Birnkot"]
[SourceDate "2007.03.26"]

1. g3 d5 2. Bg2 c6 3. Nf3 Nf6 4. O-O Nbd7 5. d4 g6 6. Nbd2 Bg7 7. c4 O-O 8. Qc2
Re8 9. b3 e5 10. cxd5 Nxd5 11. e4 N5b6 12. Bb2 exd4 13. Nxd4 Nf8 14. N2f3 Ne6
15. Rad1 Nxd4 16. Nxd4 Qe7 17. Qc1 Bxd4 18. Bxd4 Be6 19. Qh6 f6 20. Qf4 Kg7 21.
g4 g5 22. Qxg5+ 1-0

[Event "4. Bayer Open"]
[Site "Leverkusen"]
[Date "2007.01.22"]
[Round "2"]
[White "Erdmann, Kristian"]
[Black "Herrmann, Christoph"]
[Result "0-1"]
[WhiteElo "1559"]
[BlackElo "1837"]
[PlyCount "76"]
[EventDate "2007.??.??"]
[EventType "swiss"]
[EventRounds "7"]
[EventCountry "GER"]
[Source "Manfred Birnkot"]
[SourceDate "2007.03.26"]

1. e4 c5 2. Nf3 d6 3. Nc3 e6 4. d4 cxd4 5. Nxd4 Nf6 6. Be2 Be7 7. O-O O-O 8. b3
a6 9. Bb2 Qc7 10. Re1 Nc6 11. Nxc6 Qxc6 12. Bf3 e5 13. Qd3 b5 14. Rad1 Bb7 15.
Rd2 b4 16. Nb1 Nd7 17. c3 Nc5 18. Qe2 a5 19. Rc2 Bg5 20. Nd2 Ba6 21. c4 Bb7 22.
g3 Bxd2 23. Qxd2 f5 24. Qd5+ Qxd5 25. cxd5 fxe4 26. Bxe4 Rac8 27. Rd2 Nxe4 28.
Rxe4 Rc5 29. Rc4 Rxc4 30. bxc4 Rc8 31. f4 exf4 32. gxf4 Rxc4 33. Rg2 g6 34. f5
Bxd5 35. Rg5 Rc2 36. fxg6 Rxb2 37. gxh7+ Kxh7 38. Rxd5 Rxa2 0-1

[Event "4. Bayer Open"]
[Site "Leverkusen"]
[Date "2007.01.22"]
[Round "2"]
[White "Weinmann-Musset, Manfred"]
[Black "Wehr, Günter"]
[Result "1-0"]
[WhiteElo "1852"]
[BlackElo "1555"]
[PlyCount "85"]
[EventDate "2007.??.??"]
[EventType "swiss"]
[EventRounds "7"]
[EventCountry "GER"]
[Source "Manfred Birnkot"]
[SourceDate "2007.03.26"]

1. d4 d5 2. c4 c6 3. Nc3 Nf6 4. Nf3 Bf5 5. e3 e6 6. a3 h6 7. cxd5 exd5 8. Bd3
Bxd3 9. Qxd3 Be7 10. Ne5 O-O 11. O-O Nbd7 12. f4 Qc7 13. Bd2 c5 14. Rac1 Rae8
15. Be1 Qb6 16. Na4 Qe6 17. Bg3 c4 18. Qd1 Ne4 19. f5 Qd6 20. Bf4 Nxe5 21. dxe5
Qd7 22. g4 b5 23. Nc3 Nxc3 24. Rxc3 Bg5 25. Qd4 Bxf4 26. exf4 f6 27. Rg3 Qb7
28. g5 fxg5 29. fxg5 hxg5 30. Rxg5 Qb6 31. Qxb6 axb6 32. f6 Rf7 33. Rf4 Rd7 34.
Rd4 Kh7 35. fxg7 Rxg7 36. Rxg7+ Kxg7 37. Rxd5 Kf7 38. Rxb5 Ke6 39. Kf2 Rd8 40.
Ke3 Rd3+ 41. Ke4 Rb3 42. Rxb3 cxb3 43. a4 1-0

[Event "4. Bayer Open"]
[Site "Leverkusen"]
[Date "2007.01.19"]
[Round "2"]
[White "Schipp, Cyrill"]
[Black "Buchfelder, Gerhard"]
[Result "1-0"]
[WhiteElo "1820"]
[BlackElo "1497"]
[PlyCount "81"]
[EventDate "2007.??.??"]
[EventType "swiss"]
[EventRounds "7"]
[EventCountry "GER"]
[Source "Manfred Birnkot"]
[SourceDate "2007.03.26"]

1. e4 Nc6 2. Nc3 e5 3. Nf3 d6 4. Bc4 Bg4 5. h3 Bh5 6. Nxe5 Nxe5 7. Qxh5 Nxc4 8.
Qb5+ Qd7 9. Qxc4 Nf6 10. O-O Be7 11. d3 h6 12. Be3 O-O 13. f4 c6 14. d4 d5 15.
Qd3 dxe4 16. Nxe4 Nd5 17. f5 Nxe3 18. Qxe3 f6 19. Rad1 b6 20. c4 Rfe8 21. Qf3
Bf8 22. Nc3 Rac8 23. Ne2 Bd6 24. d5 Bc5+ 25. Kh1 cxd5 26. Rxd5 Qa4 27. Nf4 Re3
28. Rxc5 Rxf3 29. Rxc8+ Kh7 30. Rxf3 Qd7 31. Ra8 Qxf5 32. Rxa7 h5 33. Nd5 Qb1+
34. Kh2 Qxb2 35. Rg3 Qe5 36. Raxg7+ Kh8 37. Rg8+ Kh7 38. Nxf6+ Qxf6 39. R3g7+
Qxg7 40. Rxg7+ Kxg7 41. Kg3 1-0

[Event "4. Bayer Open"]
[Site "Leverkusen"]
[Date "2007.01.22"]
[Round "2"]
[White "Fröhling, Ewald"]
[Black "Friedsam, Manfred"]
[Result "0-1"]
[WhiteElo "1546"]
[BlackElo "1804"]
[PlyCount "69"]
[EventDate "2007.??.??"]
[EventType "swiss"]
[EventRounds "7"]
[EventCountry "GER"]
[Source "Manfred Birnkot"]
[SourceDate "2007.03.26"]

1. e4 e6 2. d4 d5 3. e5 c5 4. c3 Nc6 5. Nf3 Qb6 6. Bd3 Bd7 7. Bc2 Rc8 8. O-O
cxd4 9. cxd4 Nge7 10. Nc3 Ng6 11. a3 Be7 12. Na4 Qc7 13. Nc3 Na5 14. Bg5 Nc4
15. Bxe7 Kxe7 16. Bxg6 hxg6 17. Qb3 f6 18. exf6+ gxf6 19. g3 Bc6 20. Rfe1 Kf7
21. Rac1 Qd7 22. Qa2 Qd6 23. Rc2 Rce8 24. Rce2 Qf8 25. b3 Nxa3 26. Qd2 Nb5 27.
Nxb5 Bxb5 28. Re3 a6 29. Rc3 Qh6 30. Rc7+ Re7 31. Qc3 Bc6 32. Rxe7+ Kxe7 33.
Qc5+ Kd7 34. Rc1 Rc8 35. Kf1 $4 0-1

[Event "4. Bayer Open"]
[Site "Leverkusen"]
[Date "2007.01.22"]
[Round "2"]
[White "Heilmann, Bernhard"]
[Black "Remmler, Dirk"]
[Result "0-1"]
[WhiteElo "1506"]
[BlackElo "1787"]
[PlyCount "74"]
[EventDate "2007.??.??"]
[EventType "swiss"]
[EventRounds "7"]
[EventCountry "GER"]
[Source "Manfred Birnkot"]
[SourceDate "2007.03.26"]

1. e4 e6 2. d4 d5 3. Nd2 dxe4 4. Nxe4 Nd7 5. Nf3 Ngf6 6. Nxf6+ Nxf6 7. Bd3 Be7
8. O-O O-O 9. c3 b6 10. Ne5 Bb7 11. Qc2 Rc8 12. Be3 c5 13. Rad1 cxd4 14. Bxd4
Qc7 15. Qe2 Bc5 16. Bxc5 Qxc5 17. Bb5 Rc7 18. Nd7 Nxd7 19. Bxd7 Bxg2 20. Kxg2
Rxd7 21. Rxd7 Qc6+ 22. Kg1 Qxd7 23. Rd1 Qc7 24. Qd3 g6 25. Qd4 e5 26. Qa4 a5
27. Rd7 Qc5 28. Qb3 Qc6 29. Re7 a4 30. Qd1 e4 31. Qd4 Qb5 32. Qd2 Qc4 33. Qe3 {
Weiss bietet Remis an.} Rd8 34. Qc1 $4 Qe2 35. Qe3 Rd1+ 36. Kg2 Qf1+ 37. Kg3
Rd3 0-1

[Event "4. Bayer Open"]
[Site "Leverkusen"]
[Date "2007.01.22"]
[Round "2"]
[White "Axmann, Michael"]
[Black "Liebsch, Conrad"]
[Result "1-0"]
[WhiteElo "1742"]
[BlackElo "1270"]
[PlyCount "71"]
[EventDate "2007.??.??"]
[EventType "swiss"]
[EventRounds "7"]
[EventCountry "GER"]
[Source "Manfred Birnkot"]
[SourceDate "2007.03.26"]

1. d4 d5 2. e3 Bf5 3. Nf3 Nf6 4. Bd3 Bg6 5. O-O Nc6 6. a3 Qd6 7. b4 e5 8. dxe5
Nxe5 9. Bb2 Nfg4 10. Nxe5 Bxd3 11. cxd3 Nxe5 12. f4 Nd7 13. Nc3 Be7 14. Qf3 Nf6
15. Rac1 c6 16. Ne2 O-O 17. Nd4 Rfe8 18. Kh1 Bf8 19. g4 Nd7 20. Nf5 Qe6 21.
Rce1 g6 22. Nd4 Qd6 23. Qh3 Bg7 24. Re2 c5 25. bxc5 Nxc5 26. Rd2 Ne6 27. Nb5
Qb6 28. Bxg7 Kxg7 29. f5 gxf5 $2 30. gxf5 Qxb5 $4 31. Rg2+ Kh8 32. fxe6 $4 (32.
Qh6 Rg8 33. fxe6 Rxg2 34. Qf6+ Rg7 35. Rg1 Rag8 36. exf7 $18) 32... Qxd3 33.
Rxf7 Rg8 34. Rg3 Rxg3 35. Qxg3 Rg8 $4 36. Qe5+ 1-0

[Event "4. Bayer Open"]
[Site "Leverkusen"]
[Date "2007.01.22"]
[Round "2"]
[White "Schreiber, Peter"]
[Black "Reiter, Ute"]
[Result "1-0"]
[WhiteElo "1711"]
[BlackElo "1086"]
[PlyCount "27"]
[EventDate "2007.??.??"]
[EventType "swiss"]
[EventRounds "7"]
[EventCountry "GER"]
[Source "Manfred Birnkot"]
[SourceDate "2007.03.26"]

1. e4 e5 2. Nf3 Nc6 3. Bc4 d6 4. c3 a6 5. d4 h6 6. dxe5 dxe5 7. Qxd8+ Nxd8 8.
Nxe5 Bc5 9. O-O Ne6 10. Be3 Nf6 11. Bxe6 Bxe3 12. Bxf7+ Ke7 13. fxe3 Nxe4 14.
Ng6+ 1-0

[Event "4. Bayer Open"]
[Site "Leverkusen"]
[Date "2007.01.22"]
[Round "2"]
[White "Waraczynski, Herbert"]
[Black "Jankowiak, Frank"]
[Result "0-1"]
[WhiteElo "1450"]
[BlackElo "1694"]
[PlyCount "96"]
[EventDate "2007.??.??"]
[EventType "swiss"]
[EventRounds "7"]
[EventCountry "GER"]
[Source "Manfred Birnkot"]
[SourceDate "2007.03.26"]

1. e4 c5 2. Nf3 Nc6 3. c3 e5 4. Bc4 Nf6 5. Ng5 d5 6. exd5 Nxd5 7. Nxf7 Kxf7 8.
Qf3+ Ke8 9. Bxd5 Qf6 10. Bxc6+ bxc6 11. Qxf6 gxf6 12. d3 Bf5 13. Kd2 Rd8 14. d4
cxd4 15. c4 Rg8 16. g3 Bb4+ 17. Kd1 Bg4+ 18. Kc2 d3+ 19. Kb3 d2 20. Kxb4 d1=Q
21. Rxd1 Rxd1 22. Nd2 Ke7 23. Kc3 Rd8 24. b3 Ke6 25. f3 Bf5 26. Ne4 R1d3+ 27.
Kb2 Rxf3 28. Nc5+ Kf7 29. Ka3 Rf2 30. Nb7 Rd1 31. Bb2 Rxa1 32. Bxa1 Bb1 33. Bb2
Rxh2 34. Nd8+ Ke8 35. Nxc6 Rg2 36. Nxa7 Rxg3 37. c5 Kd7 38. Ka4 Bxa2 39. b4
Bb3+ 40. Kb5 Rg2 41. Bc1 Kc7 42. Bh6 Ra2 43. Bg7 Rxa7 44. c6 Ba4+ 45. Kc5 Bxc6
46. Bxf6 e4 47. Be5+ Kd7 48. Kb6 Rb7+ 0-1

[Event "4. Bayer Open"]
[Site "Leverkusen"]
[Date "2007.01.22"]
[Round "2"]
[White "Azimi, Reza"]
[Black "Wieland, Ingo"]
[Result "0-1"]
[WhiteElo "1437"]
[BlackElo "1688"]
[PlyCount "116"]
[EventDate "2007.??.??"]
[EventType "swiss"]
[EventRounds "7"]
[EventCountry "GER"]
[Source "Manfred Birnkot"]
[SourceDate "2007.03.26"]

1. e4 c6 2. d4 d5 3. Bd3 dxe4 4. Bxe4 Nf6 5. Bd3 Qxd4 6. Nc3 Qb6 7. Nf3 Bg4 8.
b3 e6 9. Bb2 Nbd7 10. Qe2 Be7 11. O-O O-O 12. Ne4 Nxe4 13. Bxe4 Bf6 14. c3 Ne5
15. h3 Nxf3+ 16. Bxf3 Bxf3 17. gxf3 Rad8 18. Kh1 Rd5 19. Rad1 Rxd1 20. Rxd1 Rd8
21. Rg1 Qa5 22. Bc1 Qxc3 23. Be3 Qd3 24. Qe1 Qf5 25. Kg2 Bd4 26. Qd2 Bb6 27.
Qc3 Bxe3 28. Qxe3 Rd3 29. Qe4 Qxe4 30. fxe4 g6 31. Rb1 Kg7 32. a4 Kf6 33. f3
Ke5 34. Kg3 a5 35. b4 axb4 36. Rxb4 Rd7 37. h4 h5 38. f4+ Kd6 39. a5 Kc7 40.
Ra4 c5 41. Rc4 Kc6 42. Rc1 Kb5 43. Ra1 c4 44. Kf3 c3 45. Ke3 Kc4 46. a6 bxa6
47. Rxa6 Rd3+ 48. Ke2 Rh3 49. Ra7 Rxh4 50. Ke3 Rh3+ 51. Ke2 Kd4 52. e5 Rh2+ 53.
Kf3 c2 54. Rc7 Rh3+ 55. Ke2 Rc3 56. Rd7+ Ke4 57. Rxf7 c1=Q 58. Rf6 Rc2# 0-1

[Event "4. Bayer Open"]
[Site "Leverkusen"]
[Date "2007.01.22"]
[Round "2"]
[White "Schreiber, Gudrun"]
[Black "Granz, Thomas"]
[Result "0-1"]
[WhiteElo "1311"]
[BlackElo "1687"]
[PlyCount "70"]
[EventDate "2007.??.??"]
[EventType "swiss"]
[EventRounds "7"]
[EventCountry "GER"]
[Source "Manfred Birnkot"]
[SourceDate "2007.03.26"]

1. e4 e5 2. Nf3 Nc6 3. Bc4 Bc5 4. c3 Nge7 5. d4 exd4 6. cxd4 Bb4+ 7. Bd2 Bxd2+
8. Nbxd2 d6 9. O-O O-O 10. Qc2 Bg4 11. Rac1 Rc8 12. Rfe1 Kh8 13. a3 Ng6 14. h3
Bxf3 15. Nxf3 Qf6 16. d5 Nce5 17. Nxe5 Nxe5 18. Re3 Nxc4 19. Qxc4 Qxb2 20. Rb3
Qe5 21. Rxb7 f5 22. Rxc7 Rxc7 23. Qxc7 fxe4 24. Qxa7 Qxd5 25. Rc7 Qe5 26. Re7
Qa1+ 27. Kh2 d5 28. a4 h6 29. a5 Qf6 30. Qd7 Qxf2 31. Rxg7 Qf4+ 32. Kh1 Qf5 33.
a6 Qxd7 34. Rxd7 e3 35. Rxd5 e2 0-1

[Event "4. Bayer Open"]
[Site "Leverkusen"]
[Date "2007.01.22"]
[Round "2"]
[White "Teuber, Alfons"]
[Black "Runte, Dirk"]
[Result "0-1"]
[WhiteElo "1150"]
[BlackElo "1683"]
[PlyCount "68"]
[EventDate "2007.??.??"]
[EventType "swiss"]
[EventRounds "7"]
[EventCountry "GER"]
[Source "Manfred Birnkot"]
[SourceDate "2007.03.26"]

1. e4 d6 2. Bc4 Nf6 3. Nc3 g6 4. h3 Bg7 5. d3 c5 6. Nf3 Nc6 7. Nd5 e6 8. Nxf6+
Qxf6 9. c3 Qd8 10. Qb3 a6 11. a4 Na5 12. Qa2 Nxc4 13. Qxc4 b5 14. axb5 axb5 15.
Qxb5+ Bd7 16. Rxa8 Qxa8 17. Qb6 Ke7 18. Qb3 Rb8 19. Qa3 Qb7 20. O-O Ra8 21.
Qxa8 Qxa8 22. Nd2 Qa6 23. Re1 Qxd3 24. Re3 Qa6 25. f4 Qa4 26. b3 Qa1 27. Re1
Qxc3 28. Kf1 Bb5+ 29. Nc4 Qxb3 30. Kf2 Bxc4 31. e5 Qc2+ 32. Kg1 dxe5 33. fxe5
Bd5 34. Bg5+ Ke8 0-1

[Event "4. Bayer Open"]
[Site "Leverkusen"]
[Date "2007.01.22"]
[Round "2"]
[White "Witte, Thomas"]
[Black "Hingst, Dieter Max"]
[Result "1-0"]
[WhiteElo "1657"]
[BlackElo "917"]
[PlyCount "77"]
[EventDate "2007.??.??"]
[EventType "swiss"]
[EventRounds "7"]
[EventCountry "GER"]
[Source "Manfred Birnkot"]
[SourceDate "2007.03.26"]

1. e4 e5 2. f4 Nc6 3. Nf3 exf4 4. d4 Nf6 5. e5 Nd5 6. Bc4 Bb4+ 7. c3 Ne3 8.
Bxe3 fxe3 9. cxb4 d6 10. O-O dxe5 11. Nxe5 Nxe5 12. dxe5 Qxd1 13. Rxd1 Be6 14.
Na3 Ke7 15. Bxe6 Rad8 16. Bg4 Rd2 17. Rxd2 exd2 18. Rd1 Rd8 19. Nb1 Rd4 20. Bf3
Rxb4 21. Rxd2 Rb5 22. Nc3 Rxe5 23. Re2 Rxe2 24. Nxe2 b5 25. Nd4 a6 26. Bb7 c5
27. Nb3 c4 28. Na5 f5 29. Bxa6 g5 30. Bxb5 Ke6 31. Bxc4+ Ke5 32. Kf2 Kf4 33.
Nc6 h5 34. a4 Kg4 35. a5 Kh4 36. a6 f4 37. Ne5 g4 38. Nxg4 Kxg4 39. h3+ 1-0

[Event "4. Bayer Open"]
[Site "Leverkusen"]
[Date "2007.01.22"]
[Round "2"]
[White "Liebsch, Felix"]
[Black "Witte, Volker"]
[Result "0-1"]
[WhiteElo "1008"]
[BlackElo "1644"]
[PlyCount "62"]
[EventDate "2007.??.??"]
[EventType "swiss"]
[EventRounds "7"]
[EventCountry "GER"]
[Source "Manfred Birnkot"]
[SourceDate "2007.03.26"]

1. e4 c6 2. d4 d5 3. e5 Bf5 4. Nf3 e6 5. h3 h6 6. Bd3 Bxd3 7. Qxd3 Nd7 8. O-O
Qb6 9. c3 c5 10. dxc5 Bxc5 11. Qe2 Ne7 12. Nbd2 Ng6 13. Nb3 Be7 14. Be3 Qc7 15.
Bd4 Nf4 16. Qc2 g5 17. Kh2 Ng6 18. Rfe1 h5 19. Kg1 g4 20. hxg4 hxg4 21. Nh2
Ngxe5 22. Nxg4 Nxg4 23. Bxh8 Qh2+ 24. Kf1 Qxh8 25. Ke2 Qh2 26. Rg1 Qe5+ 27. Kd1
Qf4 28. Ke1 Nc5 29. Nd4 Nxf2 30. Rf1 Qe3+ 31. Ne2 Ncd3+ 0-1

[Event "4. Bayer Open"]
[Site "Leverkusen"]
[Date "2007.01.22"]
[Round "2"]
[White "Kurochkin, Dimitry"]
[Black "Marino, Eric"]
[Result "0-1"]
[WhiteElo "884"]
[BlackElo "1623"]
[PlyCount "70"]
[EventDate "2007.??.??"]
[EventType "swiss"]
[EventRounds "7"]
[EventCountry "GER"]
[Source "Manfred Birnkot"]
[SourceDate "2007.03.26"]

1. e4 c6 2. Nc3 d5 3. Nf3 Bg4 4. exd5 cxd5 5. d4 Nf6 6. h3 Bxf3 7. Qxf3 e6 8.
Qg3 a6 9. a3 Nc6 10. Be3 g6 11. Qg5 Bg7 12. f3 Qb6 13. Na4 Qa5+ 14. Nc3 Nb4 15.
Bd3 Nxd3+ 16. cxd3 Rc8 17. Bd2 Qb6 18. Qf4 Nh5 19. Na4 Nxf4 20. Nxb6 Nxg2+ 21.
Ke2 Rc6 22. Na4 Bxd4 23. Rac1 Kd7 24. h4 e5 25. Rxc6 bxc6 26. f4 Nxf4+ 27. Bxf4
exf4 28. Rf1 Re8+ 29. Kd2 Be3+ 30. Kc2 Re5 31. Nc3 Rh5 32. Rh1 g5 33. Ne2 Rxh4
34. Rxh4 gxh4 35. Kd1 h3 0-1

[Event "4. Bayer Open"]
[Site "Leverkusen"]
[Date "2007.01.22"]
[Round "2"]
[White "Hasanovic, Huzeir"]
[Black "Leclaire, Ingrid"]
[Result "1-0"]
[WhiteElo "1616"]
[BlackElo "782"]
[PlyCount "35"]
[EventDate "2007.??.??"]
[EventType "swiss"]
[EventRounds "7"]
[EventCountry "GER"]
[Source "Manfred Birnkot"]
[SourceDate "2007.03.26"]

1. e4 b6 2. d4 d6 3. f4 Bb7 4. Nc3 e6 5. Nf3 Nf6 6. Bd3 Nbd7 7. O-O a6 8. h3 g6
9. Be3 Bg7 10. e5 dxe5 11. fxe5 Nh5 12. Kh2 O-O 13. g4 Rc8 14. gxh5 gxh5 15.
Rg1 b5 16. Bh6 Kh8 17. Bxg7+ Kg8 18. Bf6# 1-0

[Event "4. Bayer Open"]
[Site "Leverkusen"]
[Date "2007.01.29"]
[Round "3"]
[White "Rotstein, Jefim"]
[Black "Ljuboschitz, Alexander"]
[Result "1/2-1/2"]
[WhiteElo "2269"]
[BlackElo "2102"]
[PlyCount "99"]
[EventDate "2007.??.??"]
[EventType "swiss"]
[EventRounds "7"]
[EventCountry "GER"]
[Source "Manfred Birnkot"]
[SourceDate "2007.03.26"]

1. d4 Nf6 2. c4 g6 3. Nc3 Bg7 4. e4 d6 5. f4 O-O 6. Nf3 a6 7. Be3 Ng4 8. Bg1 e5
9. dxe5 dxe5 10. Qxd8 Rxd8 11. h3 Nf6 12. fxe5 Ne8 13. Bh2 Be6 14. Nd5 Nd7 15.
Be2 c6 16. O-O Nc5 17. Nb6 Rab8 18. Ng5 Rd2 19. b4 Rxe2 20. bxc5 Rd8 21. Rad1
Rdd2 22. Rxd2 Rxd2 23. Nxe6 fxe6 24. Nc8 Bh6 25. Nd6 Be3+ 26. Kh1 Nc7 27. Bf4
Bxf4 28. Rxf4 a5 29. Rf7 Na6 30. Rxb7 Nxc5 31. Rb8+ Kg7 32. Ne8+ Kh6 33. Nf6
Nd3 34. Rb7 Nxe5 35. h4 g5 36. Re7 gxh4 37. Rxe6 Ng6 38. Rxc6 Rxa2 39. Ra6 a4
40. Kh2 a3 41. c5 Rc2 42. Rxa3 Rxc5 43. Ra7 Rc2 44. Rxh7+ Kg5 45. Nd5 Re2 46.
Nc3 Rc2 47. Nb5 Ne5 48. Rg7+ Kh5 49. Rc7 Ng4+ 50. Kh3 1/2-1/2

[Event "4. Bayer Open"]
[Site "Leverkusen"]
[Date "2007.01.29"]
[Round "3"]
[White "Peschel, Andreas"]
[Black "Cordts, Ingo"]
[Result "1/2-1/2"]
[WhiteElo "2114"]
[BlackElo "2296"]
[PlyCount "40"]
[EventDate "2007.??.??"]
[EventType "swiss"]
[EventRounds "7"]
[EventCountry "GER"]
[Source "Manfred Birnkot"]
[SourceDate "2007.03.26"]

1. d4 Nf6 2. Nf3 g6 3. g3 d5 4. Bg2 c6 5. O-O Bg7 6. c4 dxc4 7. Ne5 Ng4 8. Nxg4
Bxg4 9. Be3 Nd7 10. a4 Nb6 11. Na3 e5 12. dxe5 Qxd1 13. Rfxd1 Bxe2 14. Re1 Bd3
15. a5 Nd5 16. Rac1 O-O 17. Nxc4 Rfe8 18. f4 Bf8 19. Bxd5 cxd5 20. Nd6 Bxd6
1/2-1/2